SCHRIER'S DISEASE OF THE KIDNEY (Record no. 21796)
[ view plain ]
| 000 -LEADER | |
|---|---|
| fixed length control field | 00370nam a22001577a 4500 |
| 003 - CONTROL NUMBER IDENTIFIER | |
| control field | SGT |
| 020 ## - INTERNATIONAL STANDARD BOOK NUMBER | |
| International Standard Book Number | 9788184739251 |
| 082 ## - DEWEY DECIMAL CLASSIFICATION NUMBER | |
| Classification number | 616.024 |
| Item number | S13C |
| 100 ## - MAIN ENTRY--PERSONAL NAME | |
| Personal name | COFFMAN, THOMAS M. |
| 245 ## - TITLE STATEMENT | |
| Title | SCHRIER'S DISEASE OF THE KIDNEY |
| 250 ## - EDITION STATEMENT | |
| Edition statement | 9TH |
| 260 ## - PUBLICATION, DISTRIBUTION, ETC. (IMPRINT) | |
| Place of publication, distribution, etc | INDIA |
| Name of publisher, distributor, etc | WOLTERS KLUWER PUB |
| Year of Publication | 2013 |
| 300 ## - PAGE DESCRIPTION | |
| No. of Pages | 1906-2213 |
| 650 ## - SUBJECT ADDED ENTRY--TOPICAL TERM | |
| Topical term or geographic name as entry element | GENERAL MEDICINE |
| 942 ## - ADDED ENTRY ELEMENTS (KOHA) | |
| Source of classification or shelving scheme | Dewey Decimal Classification |
| Koha item type | Books |
| Withdrawn status | Lost status | Source of classification or shelving scheme | Damaged status | Not for loan | Collection code | Home library | Current library | Shelving location | Date acquired | Volume Information (Serial or Books or Non-Book Material) | SGTU | Total Checkouts | Full call number | Accession No. (Barcode) | Date last seen | Bill Date | Koha item type |
|---|---|---|---|---|---|---|---|---|---|---|---|---|---|---|---|---|---|
| Dewey Decimal Classification | Not For Loan | MEDICAL | SGT Medical Library | SGT Medical Library | Reference Book | 03/09/2021 | VOLUME- IX | SGTU | 616.024 S13C | FM12557 | 03/09/2021 | 03/09/2021 | Books |